Phân tích dữ liệu trong dự án đầu tư khả thi

Gespeichert in:
Bibliographische Detailangaben
1. Verfasser: Đặng Văn Ngọc
Format: Buch
Sprache:Undetermined
Veröffentlicht: Hà Nội Thống Kê 2000
Schlagworte:
Tags: Tag hinzufügen
Keine Tags, Fügen Sie den ersten Tag hinzu!
Thư viện lưu trữ: Trung tâm Học liệu Trường Đại học Cần Thơ
LEADER 00581nam a2200193Ia 4500
001 CTU_40679
008 210402s9999 xx 000 0 und d
020 |b 25.000đ 
082 |a 332.6021 
082 |b Ng419 
100 |a Đặng Văn Ngọc 
245 0 |a Phân tích dữ liệu trong dự án đầu tư khả thi 
245 0 |c Đặng Văn Ngọc 
260 |a Hà Nội 
260 |b Thống Kê 
260 |c 2000 
650 |a investments,managerial economics 
904 |i Minh, 010326 
980 |a Trung tâm Học liệu Trường Đại học Cần Thơ